Learn Java for web development / (Record no. 23139)
[ view plain ]
| 000 -LEADER | |
|---|---|
| fixed length control field | 00885nam a22002775a 4500 |
| 008 - FIXED-LENGTH DATA ELEMENTS--GENERAL INFORMATION | |
| fixed length control field | 161115t2014 xxua|||fr|||| 001 0 eng d |
| 020 ## - INTERNATIONAL STANDARD BOOK NUMBER | |
| International Standard Book Number | 9781430259831 |
| 040 ## - CATALOGING SOURCE | |
| Original cataloging agency | EG-ScBUE |
| Language of cataloging | eng |
| Transcribing agency | EG-ScBUE |
| 082 ## - DEWEY DECIMAL CLASSIFICATION NUMBER | |
| Edition number | 22 |
| Classification number | 005.276 |
| Item number | LAY |
| 100 1# - MAIN ENTRY--PERSONAL NAME | |
| Personal name | Layka, Vishal |
| 245 ## - TITLE STATEMENT | |
| Title | Learn Java for web development / |
| Statement of responsibility, etc | Vishal Layka |
| 260 ## - PUBLICATION, DISTRIBUTION, ETC. (IMPRINT) | |
| Place of publication, distribution, etc | New York : |
| Name of publisher, distributor, etc | Apress, |
| Date of publication, distribution, etc | 2014. |
| 300 ## - PHYSICAL DESCRIPTION | |
| Extent | xxi, 447 p. : |
| Other physical details | ill. ; |
| Dimensions | 24 cm. |
| 490 ## - Series Statement | |
| Series statement | Expert's voice in Java |
| 500 ## - GENERAL NOTE | |
| General note | Index : p. 435-447.<br/> |
| 500 ## - GENERAL NOTE | |
| General note | Appendix: p. 383-433.<br/> |
| 590 ## - LOCAL NOTE (RLIN) | |
| Local note | Suzan Ashmawy |
| 650 #7 - SUBJECT ADDED ENTRY--TOPICAL TERM | |
| Source of heading or term | BUEsh |
| Topical term or geographic name as entry element | Java (Computer program language) |
| General subdivision | Computer program language |
| 650 #7 - SUBJECT ADDED ENTRY--TOPICAL TERM | |
| Source of heading or term | BUEsh |
| Topical term or geographic name as entry element | Web site development |
| 650 #7 - SUBJECT ADDED ENTRY--TOPICAL TERM | |
| Source of heading or term | BUEsh |
| Topical term or geographic name as entry element | Web sites |
| General subdivision | Design. |
| 650 #7 - SUBJECT ADDED ENTRY--TOPICAL TERM | |
| Source of heading or term | BUEsh |
| Topical term or geographic name as entry element | Application software |
| General subdivision | Development |
| 650 #7 - SUBJECT ADDED ENTRY--TOPICAL TERM | |
| Source of heading or term | BUEsh |
| Topical term or geographic name as entry element | Computer science |
| 651 ## - SUBJECT ADDED ENTRY--GEOGRAPHIC NAME | |
| Source of heading or term | BUEsh |
| 653 ## - INDEX TERM--UNCONTROLLED | |
| Resource For college | Informatics and Computer Science |
| Arrived date list | November2016 |
| 942 ## - ADDED ENTRY ELEMENTS (KOHA) | |
| Source of classification or shelving scheme | Dewey Decimal Classification |
| Withdrawn status | Item status | Source of classification or shelving scheme | Damaged status | Not for loan | Vendor | Home library | Current library | Shelving location | Date acquired | Source of acquisition | Cost, normal purchase price | Serial Enumeration / chronology | Total Checkouts | Total Renewals | Full call number | Barcode | Date last seen | Date last borrowed | Cost, replacement price | Koha item type |
|---|---|---|---|---|---|---|---|---|---|---|---|---|---|---|---|---|---|---|---|---|
| Dewey Decimal Classification | Alahram | Central Library | Central Library | Lower Floor | 15/11/2016 | Purchase | 289.00 | 113 | 1 | 24 | 005.276 LAY | 000045067 | 09/02/2026 | 15/05/2025 | 361.25 | Book - Borrowing |